Statistiques concernant Groupes de Kpop en français

Cliquez ici pour prendre le quiz!

Statistiques générales

  • Ce quiz a été pris 239 fois
  • Le résultat moyen est 30 sur 45

Statistiques - réponses

FrançaisOriginal% Correct
Enfants errantsStraykidz
98%
Nouveaux JeansNew Jeans
96%
Dix-septSeventeen
96%
Rose NoirBlackpink
93%
Garçons de BangtanBTS
93%
Génération de fillesGirl’s Generation
93%
Bébé monstreBABYMONSTER
89%
Demain x EnsembleTxT
89%
Monstre xMonsta X
88%
Deux foisTwice
88%
2 heures du matin2AM
86%
2 heures de l’aprés-midi2PM
86%
La RoseThe Rose
86%
Velours rougeRed Velvet
85%
Jour 6Day6
84%
TrésorTreasure
84%
Cinquante-cinquanteFiftyFifty
82%
Numero secretSecret Number
82%
Les garçonsThe Boyz
82%
Monde de momoMOMOLAND
78%
Après les coursAfterschool
77%
J’aiIVE
76%
Gros boomBIGBANG
72%
Le garçon de la porte d’à côtéBOYNEXTDOOR
71%
BrillantSHInee
68%
BêteBeast
67%
CarteKARD
66%
Polygone à 5 côtésPentagon
61%
Balle CeriseCherry Bullet
60%
TempêteTEMPEST
57%
Technologie de la Nouvelle Culture (acronyme)NCT
56%
CheminVWayV
55%
Héros incroyablesXdinary Heroes
52%
Vingt-et-un2ne1
48%
Bâtiment BBlock B
47%
Jeunes de A à ZATEEZ
45%
Un roseApink
44%
J’en veux unWanna one
43%
Hyper jeunesSuper Junior
42%
Sans peur (anagramme)Le Sserafim
41%
Un tiretEnhypen
33%
La musique créer un nouveau rêve (acronyme)MCND
28%
Icônes de la CoréeiKon
22%
(au-dessus) + Longitude de SeoulNCT127
18%
Sans finInfinite
16%

Distribution des résultats

Percentile par nombre de réponses

% des personnes avec chaque résultat

Votre développement - résultats

Vous n’avez pas pris ce quiz